Vector analysis with applications (Record no. 7970)

000 -LEADER
fixed length control field 00491nam a22001937a 4500
001 - CONTROL NUMBER
control field 7970
003 - CONTROL NUMBER IDENTIFIER
control field BD-DhUET
008 - FIXED-LENGTH DATA ELEMENTS--GENERAL INFORMATION
fixed length control field 141221b xxu||||| |||| 00| 0 eng d
040 ## - CATALOGING SOURCE
Transcribing agency 0
Modifying agency BD-DhUET
082 ## - DEWEY DECIMAL CLASSIFICATION NUMBER
Classification number 516.83
Item number ALI/1977
100 ## - MAIN ENTRY--PERSONAL NAME
Personal name Ali Ashraf
245 ## - TITLE STATEMENT
Title Vector analysis with applications
Statement of responsibility, etc. by Ali Ashraf
250 ## - EDITION STATEMENT
Edition statement 1st ed.
260 ## - PUBLICATION, DISTRIBUTION, ETC. (IMPRINT)
Place of publication, distribution, etc. Dhaka
Name of publisher, distributor, etc. Hafiz book centre
Date of publication, distribution, etc. 1977
300 ## - PHYSICAL DESCRIPTION
Extent 340[2]p.
Other physical details ill.
650 #0 - SUBJECT ADDED ENTRY--TOPICAL TERM
Topical term or geographic name as entry element Vector analysis
700 ## - ADDED ENTRY--PERSONAL NAME
Personal name Abdul Khaleq Hazra, Md.
942 ## - ADDED ENTRY ELEMENTS (KOHA)
Koha item type General Book
Holdings
Not for loan Date acquired Copy number Withdrawn status Piece designation (barcode) Koha date last seen Koha out on loan Koha issues (times borrowed) Source of classification or shelving scheme Koha normalized classification for sorting Shelving location Sublocation or collection (holding branch) Koha full call number Damaged status Price effective from Location (home branch) Koha date last borrowed Koha item type Lost status
 2014-12-211 487822025-11-09 13 516_830000000000000_ALI_1977Circulation sectionCentral Library, BUET516.83/ALI/1977 2014-12-21Central Library, BUET2023-09-26General Book 
 2015-03-312 487852024-02-042024-02-189 516_830000000000000_ALI_1977Circulation sectionCentral Library, BUET516.83/ALI/1977 2015-03-31Central Library, BUET2024-02-04General Book 
 2015-06-073 562152015-06-07   516_830000000000000_ALI_1977Reading sectionCentral Library, BUET516.83/ALI/1977 2015-06-07Central Library, BUET General Book 
 2015-06-074 562132015-06-07   516_830000000000000_ALI_1977Reading sectionCentral Library, BUET516.83/ALI/1977 2015-06-07Central Library, BUET General Book 
 2015-06-075 562162015-06-07   516_830000000000000_ALI_1977Reading sectionCentral Library, BUET516.83/ALI/1977 2015-06-07Central Library, BUET General Book 
 2015-06-076 562182015-06-07   516_830000000000000_ALI_1977Reading sectionCentral Library, BUET516.83/ALI/1977 2015-06-07Central Library, BUET General Book 
 2015-07-127 562122025-11-09 1 516_830000000000000_ALI_1977Circulation sectionCentral Library, BUET516.83/ALI/1977 2015-07-12Central Library, BUET2024-10-23General Book